[Event "Sunway Sitges Open 2018"]
[Site "Sitges ESP"]
[Date "2018.12.22"]
[Round "9.24"]
[White "Gual Pascual, Antonio"]
[Black "Pogonina, Natalija"]
[Result "0-1"]
[WhiteTitle "IM"]
[BlackTitle "WGM"]
[WhiteElo "2357"]
[BlackElo "2465"]
[WhiteFideId "2200589"]
[BlackFideId "4147855"]
[EventDate "2018.12.14"]

1. Nf3 d5 2. c4 e6 3. g3 dxc4 4. Qa4+ Bd7 5. Qxc4 c5 6. Bg2 Bc6 7. O-O Nf6 8. b3
Nbd7 9. Bb2 Be7 10. d3 O-O 11. e4 Rc8 12. Qc2 b5 13. Qe2 Qb6 14. Nbd2 Bb7 15. a4
a6 16. Rfc1 Nb8 17. axb5 axb5 18. Ne5 Nfd7 19. Nxd7 Nxd7 20. Nf3 Ra8 21. d4 Rxa1
22. Bxa1 Rc8 23. d5 exd5 24. Bh3 Qh6 25. Qf1 Rd8 26. Rd1 dxe4 27. Nh4 Bxh4 28.
Rxd7 Bc6 0-1

[Event "Sunway Sitges Open 2018"]
[Site "Sitges ESP"]
[Date "2018.12.22"]
[Round "9.25"]
[White "Romanishin, Oleg M"]
[Black "Meister, Peter"]
[Result "1/2-1/2"]
[WhiteTitle "GM"]
[BlackTitle "IM"]
[WhiteElo "2451"]
[BlackElo "2355"]
[WhiteFideId "14100088"]
[BlackFideId "4600207"]
[EventDate "2018.12.14"]

1. d4 g6 2. Nf3 Bg7 3. g3 d5 4. Bg2 Nh6 5. O-O Nf5 6. c3 Nd7 7. Nbd2 Nd6 8. Qb3
Nf6 9. c4 dxc4 10. Nxc4 O-O 11. Nce5 Be6 12. Qa4 Bd5 13. Bd2 a5 14. Qc2 Be4 15.
Qb3 Bd5 16. Qc2 Be4 17. Qb3 Bd5 1/2-1/2

[Event "Sunway Sitges Open 2018"]
[Site "Sitges ESP"]
[Date "2018.12.22"]
[Round "9.54"]
[White "Moksh, Amit Doshi"]
[Black "Moreto Quintana, Alex"]
[Result "1-0"]
[WhiteElo "2233"]
[BlackElo "2134"]
[WhiteFideId "25064967"]
[BlackFideId "2258390"]
[EventDate "2018.12.14"]

1. d4 d5 2. c4 e6 3. Nf3 a6 4. cxd5 exd5 5. Nc3 c6 6. Bf4 Bd6 7. Bg3 Bf5 8. Qb3
b5 9. Nh4 Be6 10. e3 Nf6 11. Qc2 Ne4 12. Nxe4 dxe4 13. Qxe4 Bb4+ 14. Kd1 Nd7 15.
Bd3 c5 16. Nf5 Rg8 17. Nd6+ Kf8 18. Nb7 Qc8 19. Bd6+ Ke8 20. Bxc5 Bxc5 21. dxc5
Ke7 22. c6 Nb8 23. Qb4+ Kf6 24. Qd4+ Ke7 25. Qc5+ Kf6 26. Nd6 Qxc6 27. Ne4+ Kg6
28. Qg5# 1-0

[Event "Sunway Sitges Open 2018"]
[Site "Sitges ESP"]
[Date "2018.12.23"]
[Round "10.1"]
[White "Ivanchuk, Vassily"]
[Black "Andreikin, Dmitry"]
[Result "1/2-1/2"]
[WhiteTitle "GM"]
[BlackTitle "GM"]
[WhiteElo "2717"]
[BlackElo "2719"]
[WhiteFideId "14100010"]
[BlackFideId "4158814"]
[EventDate "2018.12.14"]

1. d4 Nf6 2. c4 e6 3. Nf3 b6 4. g3 Bb7 5. Bg2 Be7 6. O-O O-O 7. Re1 Qc8 8. Nc3
Ne4 9. Bd2 f5 10. Rc1 d6 11. d5 e5 12. Bh3 Nxd2 13. Nxd2 g5 14. f3 g4 15. fxg4
fxg4 16. Bg2 a5 17. a3 Na6 18. Rb1 Qf5 19. b4 axb4 20. axb4 h5 21. Be4 Qf2+ 22.
Kh1 Qe3 23. Rb3 Qh6 24. Bb1 Bc8 25. Nde4 Nb8 26. Nb5 1/2-1/2

[Event "Sunway Sitges Open 2018"]
[Site "Sitges ESP"]
[Date "2018.12.23"]
[Round "10.2"]
[White "Alonso Rosell, Alvar"]
[Black "Edouard, Romain"]
[Result "1-0"]
[WhiteTitle "GM"]
[BlackTitle "GM"]
[WhiteElo "2524"]
[BlackElo "2644"]
[WhiteFideId "2270544"]
[BlackFideId "633429"]
[EventDate "2018.12.14"]

1. d4 Nf6 2. Nf3 g6 3. g3 Bg7 4. Bg2 O-O 5. O-O d6 6. b3 a5 7. a4 c6 8. Bb2 Bf5
9. Nh4 Bc8 10. e4 e5 11. dxe5 Ng4 12. Nf3 Nxe5 13. Nxe5 Bxe5 14. Bxe5 dxe5 15.
Qxd8 Rxd8 16. Na3 Be6 17. f4 exf4 18. gxf4 f5 19. Bh3 Kf7 20. Rad1 Nd7 21. exf5
gxf5 22. Nb1 Nf6 23. Nc3 Rg8+ 24. Kf2 Ng4+ 25. Bxg4 Rxg4 26. Ne2 Bd5 27. Ke1 h5
28. c4 Be6 29. Rd3 Rb8 30. Re3 Rd8 31. Nc1 Kf6 32. Nd3 Bg8 33. Ne5 Rg2 34. Re2
Rxe2+ 35. Kxe2 Rd4 36. Ke3 Re4+ 37. Kf3 Rd4 38. Ke3 Re4+ 39. Kf3 Rd4 40. Rg1 Bf7
41. Rg5 Be8 42. Rg8 Ke7 43. Rg7+ Kd6 44. Rxb7 Rd2 45. Kg3 h4+ 46. Kxh4 Rxh2+ 47.
Kg3 Rc2 48. Kf3 Rh2 49. Rb8 Bh5+ 50. Kg3 Rb2 51. Rd8+ Kc7 52. Rd7+ Kc8 53. Kh4
Be2 54. Ra7 Rxb3 55. Rxa5 Kb7 56. Kg5 Rb4 57. Rc5 Rxa4 58. Rxc6 Ra5 59. Rf6 Rc5
60. Rxf5 Kc7 61. Rf7+ Kd8 62. Rd7+ Ke8 63. Rd4 Ra5 64. Kf6 Ra6+ 65. Kf5 Ra5 66.
Ke6 Bf1 67. Rd6 Bh3+ 68. Kf6 Ra4 69. Rb6 Kd8 70. f5 Ra1 71. Rd6+ Kc7 72. Rd3 Rh1
73. c5 Kc8 74. Rg3 Bf1 75. Rg8+ Kc7 76. Rg7+ Kc8 77. c6 Rh2 78. Rg8+ Kc7 79.
Rg7+ Kc8 80. Ke7 Re2 81. Kd6 Rd2+ 82. Ke6 Bh3 83. Rh7 Bg2 84. f6 Bd5+ 85. Ke7
Kc7 86. f7 Bxf7 87. Rxf7 Rd6 88. Rh7 Rd4 89. Ke6+ Kc8 90. Rg7 Rd1 91. Nc4 Re1+
92. Kd6 Rd1+ 93. Kc5 Rc1 94. Rh7 Kd8 95. Kb6 Rb1+ 96. Ka7 1-0

[Event "Sunway Sitges Open 2018"]
[Site "Sitges ESP"]
[Date "2018.12.23"]
[Round "10.3"]
[White "Liang, Awonder"]
[Black "Inarkiev, Ernesto"]
[Result "0-1"]
[WhiteTitle "GM"]
[BlackTitle "GM"]
[WhiteElo "2589"]
[BlackElo "2693"]
[WhiteFideId "2056437"]
[BlackFideId "4162722"]
[EventDate "2018.12.14"]

1. e4 c5 2. Nf3 d6 3. Bb5+ Nd7 4. Ba4 Nf6 5. O-O e6 6. Qe2 a6 7. c3 b5 8. Bc2
Bb7 9. d4 Qc7 10. a4 Be7 11. e5 dxe5 12. dxe5 Nd5 13. axb5 axb5 14. Rxa8+ Bxa8
15. Qxb5 c4 16. Nbd2 Nb6 17. Re1 O-O 18. Qa5 Bd5 19. Qa1 h6 20. Qb1 Ra8 21. Be4
Bxe4 22. Rxe4 Nc5 23. Re2 Qd7 24. Nd4 Qa4 25. Re1 Nd3 26. Rf1 Nd5 27. b3 Qa1 28.
Qxa1 Rxa1 29. bxc4 Nxc3 30. N2b3 Ra4 31. Be3 Rxc4 32. Nf3 g5 33. h3 Nd5 34. Rd1
Rc3 35. Nbd4 Nxe3 36. fxe3 Bc5 37. Kf1 Nb2 38. Rb1 Nc4 39. Rb8+ Kg7 40. Rb7 Kg6
41. g4 Bxd4 0-1

[Event "Sunway Sitges Open 2018"]
[Site "Sitges ESP"]
[Date "2018.12.23"]
[Round "10.4"]
[White "Sasikiran, Krishnan"]
[Black "Romanov, Evgeny"]
[Result "1-0"]
[WhiteTitle "GM"]
[BlackTitle "GM"]
[WhiteElo "2673"]
[BlackElo "2614"]
[WhiteFideId "5004985"]
[BlackFideId "4148843"]
[EventDate "2018.12.14"]

1. e4 e5 2. Nf3 Nc6 3. Bb5 a6 4. Ba4 Nge7 5. c3 g6 6. d4 exd4 7. cxd4 b5 8. Bb3
Bg7 9. a4 Bb7 10. O-O O-O 11. Re1 Na5 12. axb5 axb5 13. Bc2 d6 14. Bg5 h6 15.
Bh4 g5 16. Bg3 f5 17. exf5 Nxf5 18. Nc3 Qd7 19. Bd3 b4 20. Ne4 g4 21. Nh4 Nxd4
22. Ng6 Rf7 23. Nf4 Ndb3 24. Rb1 d5 25. Nd2 Nxd2 26. Qxd2 c5 27. Qc2 Bf8 28. Bg6
Ra6 29. Bxf7+ Qxf7 30. Qe2 h5 31. Ne6 d4 32. Nd8 Qd5 33. Nxb7 d3 34. Qe8 d2 35.
Nxa5 dxe1=R+ 36. Rxe1 Rxa5 37. Qg6+ Kh8 38. h4 c4 39. Re8 Qf5 40. Qh6+ Kg8 41.
Bd6 1-0

[Event "Sunway Sitges Open 2018"]
[Site "Sitges ESP"]
[Date "2018.12.23"]
[Round "10.5"]
[White "Indjic, Aleksandar"]
[Black "Peralta, Fernando"]
[Result "1-0"]
[WhiteTitle "GM"]
[BlackTitle "GM"]
[WhiteElo "2620"]
[BlackElo "2584"]
[WhiteFideId "911925"]
[BlackFideId "105309"]
[EventDate "2018.12.14"]

1. d4 Nf6 2. c4 e6 3. Nc3 Bb4 4. Qc2 O-O 5. Nf3 d6 6. Bd2 Nbd7 7. g3 b6 8. Bg2
Bb7 9. O-O a5 10. Rfd1 Bxc3 11. Bxc3 Be4 12. Qc1 h6 13. Qf4 Re8 14. g4 Qe7 15.
h4 e5 16. Qg3 Rad8 17. e3 Bc2 18. Rdc1 Ne4 19. Qh3 Bd3 20. Be1 Qe6 21. Nh2 Nef6
22. d5 Qe7 23. f3 Nc5 24. e4 b5 25. cxb5 Bxb5 26. Bxa5 Ra8 27. Rxc5 dxc5 28. Bc3
Nd7 29. g5 hxg5 30. Ng4 gxh4 31. Kh1 Ra6 32. a4 Rxa4 33. Rg1 Rea8 34. Nh6+ Kf8
35. b3 Ra3 36. Nf5 Qf6 37. Be1 g5 38. Qg4 Qg6 39. Bd2 f6 40. d6 cxd6 41. Nxd6 f5
42. Nxf5 Nf6 43. Qh3 Rxb3 44. Qh2 Re8 45. Bf1 Bxf1 46. Rxg5 Qh7 47. Qg1 Be2 48.
Qxc5+ Re7 49. Rg2 Bxf3 50. Bh6+ 1-0

[Event "Sunway Sitges Open 2018"]
[Site "Sitges ESP"]
[Date "2018.12.23"]
[Round "10.7"]
[White "Dragnev, Valentin"]
[Black "Harutyunian, Tigran K."]
[Result "1-0"]
[WhiteTitle "GM"]
[BlackTitle "IM"]
[WhiteElo "2483"]
[BlackElo "2528"]
[WhiteFideId "1634852"]
[BlackFideId "13303635"]
[EventDate "2018.12.14"]

1. c4 Nf6 2. Nc3 e5 3. e3 Nc6 4. Nf3 Bb4 5. Qc2 Bxc3 6. Qxc3 Qe7 7. Be2 O-O 8.
d4 Ne4 9. Qc2 exd4 10. Nxd4 Nxd4 11. exd4 Re8 12. O-O Ng3 13. hxg3 Qxe2 14. Bd2
Qg4 15. Rae1 Rf8 16. Bc3 d6 17. Re7 c6 18. Qd2 d5 19. cxd5 cxd5 20. Rfe1 b6 21.
R7e5 Bb7 22. Rg5 Qd7 23. Bb4 h6 24. Bxf8 hxg5 25. Bxg7 Qf5 26. Bh6 f6 27. Re7
Bc6 28. Qe2 g4 29. Rg7+ Kh8 30. Qe7 Re8 31. Qf7 Bd7 32. Rg5 1-0

[Event "Sunway Sitges Open 2018"]
[Site "Sitges ESP"]
[Date "2018.12.23"]
[Round "10.8"]
[White "Vocaturo, Daniele"]
[Black "Krishna Teja, N"]
[Result "1-0"]
[WhiteTitle "GM"]
[BlackTitle "IM"]
[WhiteElo "2629"]
[BlackElo "2340"]
[WhiteFideId "813192"]
[BlackFideId "5001498"]
[EventDate "2018.12.14"]

1. e4 c6 2. d4 d5 3. Nc3 dxe4 4. Nxe4 Bf5 5. Ng3 Bg6 6. h4 h6 7. Nf3 e6 8. Ne5
Bh7 9. Bd3 Bxd3 10. Qxd3 Nf6 11. Bd2 Nbd7 12. Qe2 Qb6 13. O-O-O Qxd4 14. Nxd7
Nxd7 15. Bc3 Qf4+ 16. Kb1 O-O-O 17. Nh5 Qc7 18. Nxg7 Bd6 19. Nxe6 Rhe8 20. Nxc7
Rxe2 21. Rxd6 Kxc7 22. Rd2 Rde8 23. h5 Re1+ 24. Rd1 Rxd1+ 25. Rxd1 Re2 26. Rf1
Kd6 27. Kc1 f5 28. Bd2 Re6 29. Rh1 Ke7 30. Rh4 b5 31. Rf4 Re5 32. Bc3 Rd5 33.
Bg7 Ne5 34. Bxh6 Kf6 35. Rh4 c5 36. f3 a5 37. Bf4 Nf7 38. h6 a4 39. h7 Rd8 40.
Be3 Rc8 41. Rh5 Kg6 42. g4 1-0

[Event "Sunway Sitges Open 2018"]
[Site "Sitges ESP"]
[Date "2018.12.23"]
[Round "10.9"]
[White "Sosa, Tomas ARG"]
[Black "Adly, Ahmed"]
[Result "1-0"]
[WhiteTitle "IM"]
[BlackTitle "GM"]
[WhiteElo "2488"]
[BlackElo "2626"]
[WhiteFideId "121576"]
[BlackFideId "10601619"]
[EventDate "2018.12.14"]

1. e4 b6 2. d4 Bb7 3. Nc3 e6 4. Nf3 d6 5. Bd3 Nd7 6. Qe2 a6 7. h4 h6 8. h5 b5 9.
a4 b4 10. Nd1 Ngf6 11. c3 c5 12. d5 exd5 13. exd5+ Qe7 14. Qxe7+ Bxe7 15. c4
O-O-O 16. Bf4 Rdg8 17. Ne3 Bf8 18. g4 g5 19. Bh2 Kc7 20. O-O-O Bc8 21. b3 Ne8
22. Rde1 Ndf6 23. Rhg1 Kd8 24. Re2 Ng7 25. Nd2 Be7 26. Rge1 Re8 27. f3 Rhf8 28.
Ndf1 Kc7 29. Ng3 Bd8 30. Bf5 Rxe3 31. Rxe3 Bxf5 32. Nxf5 Nxf5 33. gxf5 Kd7 34.
Rh1 Ne8 35. Re4 Ng7 36. Bg3 Nxf5 37. Bf2 Bf6 38. Kc2 Rc8 39. Rhe1 Ng7 40. f4
Nxh5 41. fxg5 hxg5 42. Rh1 Nf4 43. Rh7 Rf8 44. Be3 Ng2 45. Bc1 Nh4 46. Bb2 Bd8
47. Bg7 Re8 48. Kd3 Rxe4 49. Kxe4 Be7 50. Bh6 Ke8 51. Rh8+ Kd7 52. Rh7 Ke8 53.
Rh8+ Kd7 54. Ra8 f5+ 55. Ke3 Bf6 56. Ra7+ Ke8 57. Rxa6 f4+ 58. Kd3 Nf5 59. Ra8+
Kf7 60. Rf8+ Ke7 61. a5 Nxh6 62. Rxf6 Kxf6 63. a6 g4 64. a7 f3 65. a8=Q Nf5 66.
Ke4 Nd4 67. Qd8+ Kg6 68. Qxd6+ Kh5 69. Qh2+ Kg5 70. d6 Ne2 1-0

[Event "Sunway Sitges Open 2018"]
[Site "Sitges ESP"]
[Date "2018.12.23"]
[Round "10.10"]
[White "Gordievsky, Dmitry"]
[Black "Halkias, Stelios"]
[Result "1/2-1/2"]
[WhiteTitle "GM"]
[BlackTitle "GM"]
[WhiteElo "2614"]
[BlackElo "2552"]
[WhiteFideId "24112798"]
[BlackFideId "4201809"]
[EventDate "2018.12.14"]

1. d4 Nf6 2. Nf3 e6 3. e3 d5 4. Bd3 c5 5. O-O Nc6 6. b3 b6 7. Bb2 Bb7 8. Ne5 Bd6
9. Nd2 O-O 10. a3 Rc8 11. f4 Ne7 12. Qf3 b5 13. dxc5 Bxc5 14. Kh1 Nf5 15. Rae1
Bb6 16. b4 Qe7 17. Qh3 Ne4 18. Nb3 f6 19. Ng4 Rc7 20. Bd4 Bxd4 21. exd4 Rc3 22.
Ne3 Nfd6 23. Nd1 Rcc8 24. Nc5 f5 25. Qe3 Rf6 26. Kg1 Rh6 27. g3 Bc6 28. Nf2 Kh8
29. Ra1 Rg8 30. a4 bxa4 31. Nxa4 g5 32. Nc5 Rhg6 33. fxg5 Rxg5 34. Nh1 Nc4 35.
Bxc4 dxc4 36. Nxe4 Bxe4 37. Nf2 Bxc2 38. Rfe1 Qd6 1/2-1/2

[Event "Sunway Sitges Open 2018"]
[Site "Sitges ESP"]
[Date "2018.12.23"]
[Round "10.11"]
[White "Santos Latasa, Jaime"]
[Black "Beliavsky, Alexander G"]
[Result "1-0"]
[WhiteTitle "GM"]
[BlackTitle "GM"]
[WhiteElo "2584"]
[BlackElo "2544"]
[WhiteFideId "2293307"]
[BlackFideId "14602377"]
[EventDate "2018.12.14"]

1. Nf3 d5 2. g3 c6 3. Bg2 Nf6 4. O-O Bf5 5. c4 e6 6. cxd5 exd5 7. d3 Be7 8. Qb3
Qb6 9. Qc2 Nbd7 10. Nc3 O-O 11. e4 Bg6 12. Nh4 dxe4 13. dxe4 Rad8 14. Nxg6 hxg6
15. Be3 Qa6 16. Rad1 Ng4 17. Bc1 Nc5 18. Bf3 Nf6 19. Be2 Qa5 20. Bd2 Qc7 21. Bf4
Qc8 22. e5 Nd5 23. Nxd5 cxd5 24. Be3 b6 25. b4 Ne6 26. Qxc8 Rxc8 27. a3 Rfd8 28.
Ba6 Rc3 29. Rd3 Rxd3 30. Bxd3 Rc8 31. Rc1 Rxc1+ 32. Bxc1 a5 33. bxa5 bxa5 34.
Kf1 g5 35. Bb1 Kf8 36. Ba2 Nc7 37. a4 d4 38. Bc4 Bd8 39. Ba3+ Be7 40. Bb2 Bc5
41. Ke2 d3+ 42. Bxd3 Ne6 43. Bc4 Ke7 44. h3 Bb6 45. Ba3+ Kd7 46. Bc1 Bc7 47.
Bxe6+ Kxe6 48. Bxg5 Bxe5 49. Kd3 Kd5 50. Bd8 Bd4 51. f3 Bf2 52. g4 Be1 53. h4 f5
54. gxf5 Ke5 55. Kc4 Kxf5 56. Kb5 g6 57. Bxa5 Bxh4 58. Bd2 Ke6 59. a5 Kd7 60. a6
Bf2 61. Bf4 Bg1 62. Bb8 Kc8 63. Bd6 Ba7 64. Kc6 1-0

[Event "Sunway Sitges Open 2018"]
[Site "Sitges ESP"]
[Date "2018.12.23"]
[Round "10.12"]
[White "Praggnanandhaa, R"]
[Black "Nihal, Sarin"]
[Result "1/2-1/2"]
[WhiteTitle "GM"]
[BlackTitle "GM"]
[WhiteElo "2530"]
[BlackElo "2576"]
[WhiteFideId "25059530"]
[BlackFideId "25092340"]
[EventDate "2018.12.14"]

1. Nf3 d5 2. e3 Nf6 3. c4 e6 4. b3 c5 5. Bb2 Nc6 6. cxd5 exd5 7. Be2 d4 8. Bb5
Bd6 9. O-O O-O 10. h3 Bf5 1/2-1/2

[Event "Sunway Sitges Open 2018"]
[Site "Sitges ESP"]
[Date "2018.12.23"]
[Round "10.14"]
[White "Kadric, Denis"]
[Black "Vasquez Schroeder, Rodrigo"]
[Result "1-0"]
[WhiteTitle "GM"]
[BlackTitle "GM"]
[WhiteElo "2554"]
[BlackElo "2495"]
[WhiteFideId "14403803"]
[BlackFideId "3400042"]
[EventDate "2018.12.14"]

1. e4 c5 2. Nc3 Nc6 3. Nge2 d6 4. d4 cxd4 5. Nxd4 Nf6 6. Bc4 Qb6 7. Nb3 e6 8.
O-O a6 9. Bd3 Be7 10. Be3 Qc7 11. f4 b5 12. Qf3 Bb7 13. Qh3 h5 14. Kh1 Nb4 15.
a3 Nxd3 16. cxd3 Rc8 17. Rae1 Qd7 18. Bd4 g6 19. Re2 Rh7 20. Bxf6 Bxf6 21. d4
Kf8 22. e5 dxe5 23. Nc5 Rxc5 24. dxc5 exf4 25. Rxf4 Qd8 26. Rf1 Kg8 27. Ne4 Bxe4
28. Rxe4 Qd5 29. Qf3 Bxb2 30. Rb4 Be5 31. Qxd5 exd5 32. Rd1 Bc3 33. Rxd5 Bxb4
34. axb4 Kf8 35. Rd7 Ke8 36. Ra7 h4 37. h3 Rh5 38. Rxa6 Rd5 39. Rb6 Rd1+ 40. Kh2
g5 41. Rxb5 Rc1 42. Rb6 Ke7 43. g4 hxg3+ 44. Kxg3 f5 45. c6 Rc3+ 46. Kg2 Rc2+
47. Kf1 Kd8 48. b5 Rb2 49. Rb8+ Kc7 50. Rb7+ Kc8 51. Ke1 Rb3 52. b6 Rb2 53. Kf1
f4 54. Ke1 Rc2 55. Rc7+ Kb8 56. Kd1 Rb2 57. Rb7+ Kc8 58. Kc1 Rb5 59. Kd2 Rb1 60.
Kc2 Rb5 61. Kd3 Rb3+ 62. Kc4 Rb2 63. Kc5 Rc2+ 64. Kd6 Rd2+ 65. Ke5 Rb2 66. Rf7
Rxb6 67. Kd6 Kb8 68. Kd7 Ka7 69. c7 1-0

[Event "Sunway Sitges Open 2018"]
[Site "Sitges ESP"]
[Date "2018.12.23"]
[Round "10.15"]
[White "Kelires, Andreas"]
[Black "Henderson de La Fuente, Lance"]
[Result "1/2-1/2"]
[WhiteTitle "GM"]
[BlackTitle "IM"]
[WhiteElo "2535"]
[BlackElo "2484"]
[WhiteFideId "5900727"]
[BlackFideId "32096585"]
[EventDate "2018.12.14"]

1. d4 Nf6 2. c4 e6 3. g3 d5 4. Bg2 Bb4+ 5. Bd2 Be7 6. Nf3 O-O 7. O-O Nbd7 8. Qc2
c6 9. a4 Ne4 10. a5 a6 11. Be3 f5 12. Nbd2 g5 13. Nxe4 dxe4 14. Ne5 Bf6 15. f4
exf3 16. Nxf3 Qe7 17. Kh1 c5 18. Rad1 g4 19. Nh4 Bxh4 20. gxh4 Qxh4 21. Bf2 Qh6
22. Qd2 Qxd2 23. Rxd2 cxd4 24. Bxd4 Nb8 25. b4 Nc6 26. Bc3 Re8 27. b5 axb5 28.
cxb5 Ne7 29. a6 Nd5 30. Rxd5 exd5 31. Bxd5+ Be6 32. Bxb7 Rad8 33. b6 Rb8 34. Bc6
Rec8 35. a7 Rxb6 36. a8=Q Rxc6 37. Qa5 Rxc3 38. Qe5 R8c6 39. Rb1 Rc1+ 40. Rxc1
Rxc1+ 41. Kg2 Rc6 42. Kg3 Bf7 43. Qxf5 Rg6 44. e4 Kg7 45. Qe5+ Kg8 46. Qb8+ Kg7
47. Qb2+ Kg8 48. Kf4 h6 49. Ke5 Kg7 50. Kf5+ Kg8 51. Qb8+ Kg7 52. Qe5+ Kg8 53.
Qd4 Kh7 54. Qd8 Kg7 55. Kf4 Be6 56. Qd4+ Kg8 57. Qc3 Bf7 58. Kf5 Kh7 59. Qc7 Kg7
60. Qc3+ Kh7 61. Qa1 Kg8 62. Qb2 Kh7 63. e5 Be6+ 64. Kf4 Bf7 65. Qc3 Kg8 66.
Qc8+ Kg7 67. Kf5 Rg5+ 68. Ke4 Rg6 69. Qd8 Be6 70. Kd4 Bf7 71. Kc5 Re6 72. Qd4
Kf8 73. Qd8+ Kg7 74. Qd4 Kf8 75. Qf4 Rg6 76. Qd4 Kg8 77. Qd8+ Kg7 78. Kd4 Be6
79. Ke4 Bf7 80. Kf4 Be6 81. Kg3 Bf7 82. Qc7 Kg8 83. Qc3 Be6 84. Kf4 Kg7 85. Ke4
Kg8 86. Kd4 Bf7 87. Qe1 Kg7 88. Kc5 Kg8 89. Qb1 Kg7 90. Qb8 Re6 91. Qb2 Kg8 92.
Kd4 Rg6 93. Kc5 Re6 94. Qd4 Rg6 95. Qd7 Re6 96. Qd8+ Kg7 97. Qd4 Kf8 98. Qd8+
Kg7 99. Qd4 Kf8 100. Qd8+ 1/2-1/2

[Event "Sunway Sitges Open 2018"]
[Site "Sitges ESP"]
[Date "2018.12.23"]
[Round "10.16"]
[White "Arjun, Kalyan"]
[Black "Lagarde, Maxime"]
[Result "0-1"]
[WhiteTitle "IM"]
[BlackTitle "GM"]
[WhiteElo "2406"]
[BlackElo "2616"]
[WhiteFideId "35018701"]
[BlackFideId "662399"]
[EventDate "2018.12.14"]

1. e4 Nc6 2. Nf3 d6 3. d4 Nf6 4. c3 g6 5. Bd3 Bg7 6. O-O O-O 7. d5 Nb8 8. c4 e5
9. Nc3 c5 10. dxc6 Nxc6 11. h3 Nd7 12. Nd5 Nc5 13. b4 Ne6 14. Bb2 f5 15. Qd2 f4
16. Be2 h5 17. Rac1 g5 18. Nh2 g4 19. hxg4 hxg4 20. Bxg4 Qh4 21. Qd3 Ned4 22.
Bxc8 Raxc8 23. Nf3 Qh5 24. Bxd4 exd4 25. c5 Ne5 26. Nxe5 Bxe5 27. f3 Rcd8 28.
cxd6 Rxd6 29. Ne7+ Kh8 30. Nf5 Rg6 31. Kf2 Qh2 32. Rg1 Rfg8 33. Qf1 d3 34. Rd1
Bd4+ 0-1

[Event "Sunway Sitges Open 2018"]
[Site "Sitges ESP"]
[Date "2018.12.23"]
[Round "10.17"]
[White "Alarcon Casellas, Rolando"]
[Black "Lopez Martinez, Josep Manuel"]
[Result "1/2-1/2"]
[WhiteTitle "IM"]
[BlackTitle "GM"]
[WhiteElo "2387"]
[BlackElo "2580"]
[WhiteFideId "3507610"]
[BlackFideId "2212943"]
[EventDate "2018.12.14"]

1. e4 c6 2. d4 d5 3. exd5 cxd5 4. Bd3 Nc6 5. c3 Qc7 6. Ne2 Bg4 7. f3 Bd7 8. Na3
a6 9. Nc2 e6 10. Bf4 Bd6 11. Qd2 Nge7 12. Bxd6 Qxd6 13. Qf4 Qxf4 14. Nxf4 Ng6
15. Bxg6 hxg6 16. Kd2 g5 17. Nd3 Ke7 18. Rae1 f6 19. h3 Kd6 20. Re3 b6 21. Rhe1
Rh4 22. R3e2 Ne7 23. Ne3 Ng6 24. Ng4 Rhh8 25. Kc2 Rac8 26. Rd2 Bb5 27. Ndf2 Nf4
28. Nd1 Be8 29. Nde3 Bg6+ 30. Kb3 b5 31. Red1 Be8 32. a3 a5 33. Ra1 Bg6 34. Nf2
Rb8 35. Rdd1 Bh7 36. Rd2 Rhc8 37. Rh1 Ng6 38. Nd3 Bg8 39. Ka2 Bf7 40. Re1 Nf4
41. Nc5 Ng6 42. b4 axb4 43. cxb4 Ne7 44. Kb2 Nc6 45. Nc2 Re8 46. Na1 Re7 47.
Nab3 Ra7 48. Rc1 Rba8 49. Na5 Nd8 50. Rh1 Rxa5 51. bxa5 Nc6 52. a6 e5 53. Nb7+
Kc7 54. Rc1 Rxa6 55. Nc5 Rb6 56. Nd3 Kd6 57. Rxc6+ Rxc6 58. dxe5+ fxe5 59. Re2
Rc7 60. Nxe5 Re7 61. Nxf7+ Rxf7 62. Re8 Rc7 63. Rb8 Kc5 64. Kc3 Ra7 65. Rc8+ Kd6
66. Rd8+ Ke5 67. Re8+ Kf4 68. Rf8+ Ke3 69. Re8+ Kf2 70. Re5 Kxg2 71. Rxg5+ Kxh3
72. Kd4 Kh4 73. f4 Rf7 74. Kxd5 Rxf4 1/2-1/2

[Event "Sunway Sitges Open 2018"]
[Site "Sitges ESP"]
[Date "2018.12.23"]
[Round "10.18"]
[White "Low, Zhen Yu Cyrus"]
[Black "Kulaots, Kaido"]
[Result "1/2-1/2"]
[WhiteTitle "IM"]
[BlackTitle "GM"]
[WhiteElo "2384"]
[BlackElo "2555"]
[WhiteFideId "5804175"]
[BlackFideId "4500261"]
[EventDate "2018.12.14"]

1. e4 c5 2. Nf3 e6 3. d4 cxd4 4. Nxd4 Nc6 5. g3 d6 6. Bg2 Bd7 7. O-O Nf6 8. c4
Be7 9. Nc3 Nxd4 10. Qxd4 Bc6 11. b3 O-O 12. Bb2 Qa5 13. Rfd1 a6 14. a4 Qh5 15.
h3 a5 16. Qe3 Nd7 17. Nb5 Bxb5 18. axb5 e5 19. Ba3 Qg6 20. Rd3 b6 21. Rad1 Nc5
22. Bxc5 dxc5 23. Rd7 Rfd8 24. Qf3 Qf6 25. Qxf6 Bxf6 26. Rxd8+ Rxd8 27. Rxd8+ 1/2-1/2

[Event "Sunway Sitges Open 2018"]
[Site "Sitges ESP"]
[Date "2018.12.23"]
[Round "10.19"]
[White "Stella, Andrea"]
[Black "Korobkov, Piotr"]
[Result "1/2-1/2"]
[WhiteTitle "GM"]
[WhiteElo "2503"]
[BlackElo "2398"]
[WhiteFideId "827061"]
[BlackFideId "14112787"]
[EventDate "2018.12.14"]

1. d4 Nf6 2. c4 e6 3. Nc3 Bb4 4. e3 O-O 5. Bd3 c5 6. a3 Bxc3+ 7. bxc3 Nc6 8. Rb1
b6 9. e4 e5 10. d5 Ne7 11. Ne2 Ne8 12. O-O d6 13. Ng3 Ng6 14. Nf5 Nf4 15. Bc2 g6
16. Ng3 Qh4 17. a4 f5 18. exf5 gxf5 19. a5 bxa5 20. Ba4 Nf6 21. Bxf4 exf4 22.
Bc6 Ng4 23. h3 fxg3 24. fxg3 Qxg3 25. hxg4 Qe3+ 26. Kh1 Qh6+ 27. Kg1 Qe3+ 28.
Rf2 fxg4 29. Qe1 1/2-1/2

[Event "Sunway Sitges Open 2018"]
[Site "Sitges ESP"]
[Date "2018.12.23"]
[Round "10.20"]
[White "Gukesh, D"]
[Black "Sarkar, Justin"]
[Result "1-0"]
[WhiteTitle "IM"]
[BlackTitle "IM"]
[WhiteElo "2466"]
[BlackElo "2332"]
[WhiteFideId "46616543"]
[BlackFideId "2010011"]
[EventDate "2018.12.14"]

1. Nf3 d5 2. g3 g6 3. Bg2 Bg7 4. d4 Nf6 5. O-O O-O 6. c4 dxc4 7. Na3 c3 8. bxc3
c5 9. Re1 Nc6 10. e4 Bg4 11. Bb2 Qb6 12. Rb1 Rfd8 13. d5 Ne5 14. c4 Qb4 15. Bxe5
Qxa3 16. Rxb7 Qxa2 17. Rxe7 Qxc4 18. Qa1 1-0

[Event "Sunway Sitges Open 2018"]
[Site "Sitges ESP"]
[Date "2018.12.23"]
[Round "10.21"]
[White "Pogonina, Natalija"]
[Black "Demianjuk, Alexander"]
[Result "1/2-1/2"]
[WhiteTitle "WGM"]
[BlackTitle "FM"]
[WhiteElo "2465"]
[BlackElo "2344"]
[WhiteFideId "4147855"]
[BlackFideId "4134249"]
[EventDate "2018.12.14"]

1. d4 Nf6 2. c4 e6 3. Nf3 d5 4. g3 Bb4+ 5. Nbd2 dxc4 6. Bg2 b5 7. a4 c6 8. O-O
O-O 9. b3 c3 10. Nb1 a5 11. Qc2 bxa4 12. bxa4 c5 13. dxc5 Bb7 14. Nxc3 Nbd7 15.
Bf4 Nxc5 16. Rfd1 Qc8 17. Nb5 Nce4 18. Qxc8 Raxc8 19. Ng5 Bd5 20. Nxe4 Nxe4 21.
Bxe4 Bxe4 22. Nd6 Bxd6 1/2-1/2